000 05771cam a22012734i 4500
003 PE-LiUPU
005 20250813185510.0
008 150625s r 000 0 d
035 _a(Sirsi) a36272
040 _aPE-LiUPU
_bspa
_cPE-LiUPU
_erda
082 0 4 _a362.7
_bC29
_221
100 1 _aCastro Caballero, Cipriano,
_eautor.
245 1 3 _aLa niñez, la familia y la comunidad /
_cCipriano Castro Caballero [et..al].
264 1 _aWashington :
_bOPS,
_c2004.
300 _a549 páginas :
_bilustraciones, fotos, cuadros ;
_c28 cm.
336 _atext
_2rdacontent
337 _aunmediated
_2rdamedia
338 _avolume
_2rdacarrier
504 _aIncluye referencias biblográficas al final de cada capítulo.
505 0 _aCrecimiento y desarrollo del niño. -Valoración e interpretación práctica del crecimiento y desarrollo del niño. -Valoración neurológica en el crecimiento y desarrollo del niño. -Genética del crecimiento y desarrollo humano. -Neurología del desarrollo:Hacia nuevas concepciones de la individualidad. -Función de las hormonas en el crecimiento del niño. -Metabolismo energético y su aplicación clínica. -Algunas consideraciones sobre la estimulación infantil. -El niño como ser lúdico. -Consulta prenatal. -Enfoque filosófico de la atención neonatal inmediata. -Puericultura pre y posnatal. -Crecimiento fetal. -Crecimiento neonatal. -Visita domiciliaria posparto formato. -Crecimiento, desarrollo y estimulación del niño lactante. -Crecimiento y desarrollo del niño preescolar. -Crecimiento, desarrollo y estimulación del niño esolar. -Talla baja. Enfoque diagnóstico clínico. -Adolescencia. -Dimención médica del desarrollo sexual y de la sexualidad de la adolescente. -La atención integrada a las emfermedades prevalentes de la infancia (AIEPI), estrategia recomendada por la OPS/OMS. -Desnutrición y obesidad en los niños Síndrome anémico en la edad pediátrica. -Infección respiratoria aguda (IRA) en los niños. -Terapia respiratoria en los niños con ira. -Diarrea aguda. -otorrinolaringología pediátrica. -Desarrollo visual normal y anormal. -Dermatosis pediátricas más frecuentes. -Enuresis. -Displasia del desarrollo de la cadera. -Salud oral en pediatría. -Antibióticos ambulatorios en pediatría: Uso racional. -Problemas de aprendizaje. -El trabajo infantil y sus repercusiones sobre la salud. -Consideraciones sobre el niño hospitalizado. -Modalidades familiares de fin de siglo. -Familia e intento de suicidio. -Comunidad y desarrollo comunitario en salud. -Programas especiales de promoción y prevención en la niñez. -Compendio histórico de la vacunas. -Niñez y desastres.
526 _aP202
526 _aP201
526 _aP163
526 _aP162
526 _aP161
526 _aP160
526 _aP148
526 _aP147
526 _aP146
526 _aP145
526 _aP144
526 _aP143
526 _aP142
526 _aP141
526 _aP140
526 _aP139
526 _aP138
526 _aP137
526 _aP136
526 _aP135
526 _aP134
526 _aP133
526 _aP129
526 _aP128
526 _aP127
526 _aP120
526 _aP119
526 _aP118
526 _aP116
526 _aP115
526 _aP114
526 _aP110
526 _aP109
526 _aP108
526 _aP104
526 _aP103
526 _aP102
526 _aP99
526 _aP98
526 _aP97
526 _aP96
526 _aP95
526 _aP93
526 _aP90
526 _aP89
526 _aP88
526 _aP83
526 _aP82
526 _aP62
526 _aP59
526 _aP58
526 _aP57
526 _aP51
526 _aP49
526 _aP48
526 _aP47
526 _aP29
526 _aP24
526 _aP20
526 _aP19
526 _aP17
526 _aP15
526 _aP14
526 _aP12
526 _aP10
526 _aP09
526 _aP08
526 _aP07
526 _aP06
526 _aP05
526 _aP04
526 _aP01
541 _g001-0002610;
541 _g001-0002137;
541 _g001-0002137;
541 _g001-0002137;
650 0 4 _aDesarrollo del niño.
910 _bjv
_cng
_d20080111
942 _2ddc
_cBOOK
949 _a362.7 C29
_wDEWEY
_c1
_i57640
_lCCODEBUL1
_mBUL
_p10
_r0
_sY
_tBOOK
_u2015-06-25
_xSALUD
_PP22
_0COMPRA
_o.STAFF. Colección General
949 _a362.7 C29
_wDEWEY
_c2
_i55802
_lCCODEBUL1
_mBUL
_p9.00
_r0
_sY
_tBOOK
_u2015-06-25
_xSALUD
_zUNKNOWN
_0COMPRA
_o.STAFF. Colección General
949 _a362.7 C29
_wDEWEY
_c3
_i55431
_lCCODEBUL1
_mBUL
_p9.00
_r0
_sY
_tBOOK
_u2015-06-25
_xSALUD
_zUNKNOWN
_0COMPRA
_o.STAFF. Colección General
949 _a362.7 C29
_wDEWEY
_c4
_i55432
_lCCODEBUL1
_mBUL
_p9.00
_r0
_sY
_tBOOK
_u2015-06-25
_xSALUD
_zUNKNOWN
_0COMPRA
_o.STAFF. Colección General
596 _a1
999 _a362.7 C29
_wDEWEY
_c44326
_i57640
_f2021-11-5
_g5
_lCCODEBUL1
_mBUL
_r0
_sY
_tBOOK
_u2015-6-25
_xBIBLIOTECA
_PP22
_0COMPRA
_o.STAFF. Colección General
_d44326
999 _a362.7 C29
_wDEWEY
_c2
_i55802
_f2019-12-10
_g4
_lDISCARD
_mBUL
_p9.00
_r0
_sY
_tBOOK
_u2015-6-25
_xEDUCACION
_zUNKNOWN
_0COMPRA
_o.STAFF. Colección General
999 _a362.7 C29
_wDEWEY
_c3
_i55431
_d2018-8-14
_f2021-11-5
_g5
_lCCODEBUL1
_mBUL
_p9.00
_q1
_r0
_sY
_tBOOK
_u2015-6-25
_xBIBLIOTECA
_zUNKNOWN
_0COMPRA
_o.STAFF. Colección General
999 _a362.7 C29
_wDEWEY
_c4
_i55432
_f2021-11-5
_g5
_lCCODEBUL1
_mBUL
_p9.00
_r0
_sY
_tBOOK
_u2015-6-25
_xBIBLIOTECA
_zUNKNOWN
_0COMPRA
_o.STAFF. Colección General
980 _81
_gALBERTO SANCHEZ Responsable de Automatización